Địa lý du lịch : Sách hướng dẫn học tập
Giới thiệu lý luận chung về du lịch, các nhân tố ảnh hưởng đến sự hình thành và phát triển du lịch, tổ chức lãnh thổ du lịch và hệ thống phân vùng du lịch ở Việt Nam.
保存先:
| 第一著者: | |
|---|---|
| フォーマット: | 図書 |
| 言語: | Undetermined |
| 出版事項: |
Cần Thơ
Nxb. Đại học Cần Thơ
2015
|
| 主題: | |
| タグ: |
タグ追加
タグなし, このレコードへの初めてのタグを付けませんか!
|
| Thư viện lưu trữ: | Trung tâm Học liệu Trường Đại học Cần Thơ |
|---|
| LEADER | 00919nam a2200217Ia 4500 | ||
|---|---|---|---|
| 001 | CTU_229557 | ||
| 008 | 210402s9999 xx 000 0 und d | ||
| 082 | |a 915.97 | ||
| 082 | |b H309 | ||
| 100 | |a Lê, Văn Hiệu | ||
| 245 | 0 | |a Địa lý du lịch : | |
| 245 | 0 | |b Sách hướng dẫn học tập | |
| 245 | 0 | |c Lê Văn Hiệu (Biên soạn) | |
| 260 | |a Cần Thơ | ||
| 260 | |b Nxb. Đại học Cần Thơ | ||
| 260 | |c 2015 | ||
| 520 | |a Giới thiệu lý luận chung về du lịch, các nhân tố ảnh hưởng đến sự hình thành và phát triển du lịch, tổ chức lãnh thổ du lịch và hệ thống phân vùng du lịch ở Việt Nam. | ||
| 650 | |a Vietnam,Việt Nam | ||
| 650 | |x Description and travel,Mô tả và du lịch | ||
| 910 | |b nthai | ||
| 980 | |a Trung tâm Học liệu Trường Đại học Cần Thơ | ||